[Event "FRA-ch Blitz Online Qual"]
[Site "Europe Echecs INT"]
[Date "2020.05.16"]
[Round "14"]
[White "Sureau, Corentin"]
[Black "L`Heritier, Boris"]
[Result "0-1"]
[WhiteElo "1686"]
[BlackElo "1763"]
[PlyCount "102"]
[EventDate "2020.05.16"]
[EventType "swiss (blitz)"]
[EventRounds "15"]
[EventCountry "FRA"]
[SourceTitle "CBM 196 Extra"]
[Source "ChessBase"]
[SourceDate "2020.07.31"]
[SourceVersion "1"]
[SourceVersionDate "2020.07.31"]
[SourceQuality "1"]

1. e4 g6 2. d4 Bg7 3. Nc3 c6 4. Be3 d5 5. e5 f6 6. Nf3 Bg4 7. h3 Bxf3 8. Qxf3 Nh6 9. 0-0-0 fxe5 10. dxe5 e6 11. Bd3 Nf7 12. Bd4 0-0 13. Qg3 Nd7 14. Rde1 c5 15. Be3 Nfxe5 16. Bb5 d4 17. Bf4 dxc3 18. Bxe5 cxb2+ 19. Kxb2 Qb6 20. Qb3 Nxe5 21. c3 a6 22. Bc4 Qxb3+ 23. Bxb3 c4 24. Rxe5 Bxe5 25. Bxc4 b5 26. Bxe6+ Kg7 27. f3 Rfe8 28. Bd5 Rac8 29. Rc1 b4 30. Bb7 Rc7 31. Bxa6 Bxc3+ 32. Kb3 Ra7 33. Bb5 Ra3+ 34. Kc4 Rc8+ 35. Kd5 Ra5 36. a4 bxa3 37. Kd6 Rxb5 38. Kd7 Rbc5 39. Rd1 R8c7+ 40. Kd6 a2 41. f4 a1Q 42. Rxa1 Bxa1 43. g4 Rc1 44. f5 gxf5 45. gxf5 Kf6 46. Kd5 Kxf5 47. Kd6 R7c2 48. Kd7 Rd1+ 49. Ke7 Kg6 50. h4 Re2+ 51. Kf8 Rd8# 0-1

[Event "Rochefort op-B 18th"]
[Site "Rochefort"]
[Date "2019.02.18"]
[Round "4"]
[White "L`Heritier, Boris"]
[Black "Roche, Philippe"]
[Result "1/2-1/2"]
[WhiteElo "1796"]
[BlackElo "1643"]
[PlyCount "82"]
[EventDate "2019.02.16"]
[EventType "swiss"]
[EventRounds "9"]
[EventCountry "FRA"]
[SourceTitle "CBM 189 Extra"]
[Source "ChessBase"]
[SourceDate "2019.06.03"]
[SourceVersion "1"]
[SourceVersionDate "2019.06.03"]
[SourceQuality "1"]

1. e4 c5 2. Nf3 d6 3. d4 cxd4 4. Nxd4 Nf6 5. Nc3 a6 6. Bc4 b5 7. Bb3 Bb7 8. Qe2 e6 9. Bg5 Be7 10. Bxe6 fxe6 11. Nxe6 Qd7 12. Nxg7+ Kd8 13. Nf5 Rg8 14. f4 Rxg5 15. fxg5 Nxe4 16. 0-0 Nxc3 17. bxc3 Nc6 18. Rad1 Ne5 19. Nxe7 Kxe7 20. Qxe5+ dxe5 21. Rf7+ Kxf7 22. Rxd7+ Kg6 23. Rxb7 Rc8 24. Rb6+ Kxg5 25. Rxa6 Rxc3 26. Ra5 Rxc2 27. Rxb5 Kf4 28. g3+ Kf3 29. Rb3+ Ke2 30. Rb4 Rxa2 31. Kg2 Ke3+ 32. Kh3 e4 33. Kg4 Kd3 34. Rb3+ Ke2 35. Kf4 Kf1 36. h4 Kg2 37. g4 Re2 38. g5 Kf2 39. h5 e3 40. g6 hxg6 41. hxg6 Re1 1/2-1/2